[Event "Bouhjar BICA Blitz op 03"]
[Site "Bouhjar"]
[Date "2021.03.28"]
[Round "6"]
[White "Nouira, Najeh"]
[Black "Turki, Aymen"]
[Result "1-0"]
[WhiteElo "1897"]
[BlackElo "1606"]
[PlyCount "47"]
[EventDate "2021.03.28"]
[EventType "swiss (blitz)"]
[EventRounds "9"]
[EventCountry "TUN"]
[SourceTitle "CBM 202 Extra"]
[Source "ChessBase"]
[SourceDate "2021.07.31"]
[SourceVersion "1"]
[SourceVersionDate "2021.07.31"]
[SourceQuality "1"]

1. e4 Nf6 2. e5 Nd5 3. c4 Nb6 4. d4 d6 5. f4 g6 6. Nf3 Bg7 7. Nc3 0-0 8. Be2 Be6 9. d5 Bg4 10. exd6 exd6 11. 0-0 Bxf3 12. Rxf3 Re8 13. f5 N8d7 14. Bf4 Qe7 15. Bd3 Ne5 16. Bxe5 Bxe5 17. Qd2 Qh4 18. Rh3 Qd4+ 19. Kh1 Nxc4 20. Qh6 Nxb2 21. Qxh7+ Kf8 22. fxg6 fxg6 23. Rf1+ Bf6 24. Bxg6 1-0

[Event "TUN-ch"]
[Site "Hammamet"]
[Date "2018.02.22"]
[Round "11"]
[White "Taieb, Sahbi"]
[Black "Nouira, Najeh"]
[Result "1-0"]
[WhiteElo "2111"]
[BlackElo "1874"]
[PlyCount "93"]
[EventDate "2018.02.14"]
[EventType "tourn"]
[EventRounds "11"]
[EventCountry "TUN"]
[SourceTitle "CBM 183 Extra"]
[Source "ChessBase"]
[SourceDate "2018.04.19"]
[SourceVersion "1"]
[SourceVersionDate "2018.04.19"]
[SourceQuality "1"]

1. d4 d5 2. c4 e6 3. Nf3 Nf6 4. Nc3 Bb4 5. Qc2 Ne4 6. e3 Bxc3+ 7. bxc3 b6 8. Bd3 Bb7 9. cxd5 exd5 10. Ba3 Nd7 11. 0-0 f5 12. c4 c6 13. cxd5 cxd5 14. Bb5 a6 15. Bxd7+ Kxd7 16. Ne5+ Ke6 17. Rac1 Rc8 18. Qb2 Nd6 19. Rxc8 Bxc8 20. Rc1 Bb7 21. Bxd6 Qxd6 22. Qe2 g6 23. Qf3 Qa3 24. Rb1 b5 25. Qf4 Rc8 26. h4 Qxa2 27. Rf1 Qa5 28. Qh6 Qc7 29. h5 Rg8 30. hxg6 hxg6 31. Nxg6 Qg7 32. Nf4+ Kd7 33. Qb6 Kc8 34. Qa7 Qc7 35. Ne6 Qc6 36. Nf4 Rg7 37. Ne2 Rc7 38. Ra1 Qh6 39. g3 Qc6 40. Kg2 b4 41. Rh1 Qf6 42. Nc1 Rc2 43. Nb3 f4 44. exf4 Qf8 45. Na5 Bc6 46. Nxc6 Rxc6 47. Qa8+ 1-0

[Event "TUN-ch"]
[Site "Hammamet"]
[Date "2018.02.20"]
[Round "8"]
[White "Nouira, Najeh"]
[Black "Boudriga, Mohamed Ali"]
[Result "0-1"]
[WhiteElo "1874"]
[BlackElo "2346"]
[PlyCount "54"]
[EventDate "2018.02.14"]
[EventType "tourn"]
[EventRounds "11"]
[EventCountry "TUN"]
[SourceTitle "CBM 183 Extra"]
[Source "ChessBase"]
[SourceDate "2018.04.19"]
[SourceVersion "1"]
[SourceVersionDate "2018.04.19"]
[SourceQuality "1"]

1. e4 c5 2. Nf3 a6 3. d4 cxd4 4. Nxd4 Nf6 5. Nc3 e5 6. Nb3 Bb4 7. Bd3 d5 8. exd5 e4 9. Be2 Nxd5 10. 0-0 Bxc3 11. bxc3 0-0 12. Bb2 Nf4 13. Bg4 Qg5 14. f3 Nxg2 15. Kxg2 exf3+ 16. Qxf3 Qxg4+ 17. Kf2 Qxf3+ 18. Kxf3 Nc6 19. Rae1 Be6 20. h4 Rfc8 21. Kf4 f6 22. Rg1 Rd8 23. a3 Bxb3 24. cxb3 Ne5 25. Kg3 Rd3+ 26. Kf4 Rf3+ 27. Ke4 Rf2 0-1